Online
Catalog

Los últimos años de Napoleon : (Record no. 39455)

MARC details
000 -CABECERA
campo de control de longitud fija 00664nam a2200181 a 4500
001 - NÚMERO DE CONTROL
campo de control 000039965
005 - FECHA Y HORA DE LA ÚLTIMA TRANSACCIÓN
campo de control 20201002033834.0
008 - DATOS DE LONGITUD FIJA--INFORMACIÓN GENERAL
campo de control de longitud fija 130801s1963 ag ac 000 0 spa d
040 ## - FUENTE DE LA CATALOGACIÓN
Centro catalogador/agencia de origen DO-SdBNP
Lengua de catalogación spa
Centro/agencia transcriptor BNPHU
082 ## - NÚMERO DE LA CLASIFICACIÓN DECIMAL DEWEY
Número de clasificación xxx
100 1# - ENTRADA PRINCIPAL--NOMBRE DE PERSONA
Nombre de persona Korngold, Ralph
9 (RLIN) 66181
240 10 - TÍTULO UNIFORME
Título uniforme The last years of napoleon, His captivity on St. Helena
Lenguaje de la obra español
245 14 - MENCIÓN DE TÍTULO
Título Los últimos años de Napoleon :
Resto del título (Su cautiverio en Santa Elena) /
Mención de responsabilidad, etc. Ralph Korngold ; traducción Federico López Cruz.
250 ## - MENCIÓN DE EDICIÓN
Mención de edición 2a ed.
260 ## - PUBLICACIÓN, DISTRIBUCIÓN, ETC.
Lugar de publicación, distribución, etc. Buenos Aires, Argentina :
Nombre del editor, distribuidor, etc. Ediciones selectas,
Fecha de publicación, distribución, etc. 1963.
300 ## - DESCRIPCIÓN FÍSICA
Extensión 351 p. :
Otras características físicas il., retrs. ;
Dimensiones 21 cm.
700 1# - PUNTO DE ACCESO ADICIONAL--NOMBRE DE PERSONA
Nombre de persona López Cruz, Federico,
Término indicativo de función/relación tr.
9 (RLIN) 66182
Holdings
Estado de retiro Estado de pérdida Restricciones de uso No para préstamo Código de colección Localización permanente Ubicación/localización actual Ubicación en estantería Fecha de adquisición Número de inventario Total de préstamos Signatura topográfica completa Código de barras Fecha visto por última vez Precio válido a partir de Tipo de ítem Koha
      Excluido de préstamo Monografías: Libros y Folletos General General En catalogación 01.08.2013 LF1   xxx 39965-10 25.06.2020 25.06.2020 No se presta

Powered by Koha